UM Logo

Human biology / (Record no. 13935)

MARC details
000 -LEADER
fixed length control field 00499nam a22001697a 4500
008 - FIXED-LENGTH DATA ELEMENTS--GENERAL INFORMATION
fixed length control field 190604b ||||| |||| 00| 0 eng d
020 ## - INTERNATIONAL STANDARD BOOK NUMBER
International Standard Book Number 0-07-234732-5
082 ## - DEWEY DECIMAL CLASSIFICATION NUMBER
Edition number 2004
Classification number DC 612
Item number M26h
100 ## - MAIN ENTRY--PERSONAL NAME
Personal name Mader, Sylvia S.
9 (RLIN) 38812
245 ## - TITLE STATEMENT
Title Human biology /
Statement of responsibility, etc. Sylvia S. Mader.
250 ## - EDITION STATEMENT
Edition statement Eighth Edition
260 ## - PUBLICATION, DISTRIBUTION, ETC. (IMPRINT)
Place of publication, distribution, etc. Boston:
Name of publisher, distributor, etc. McGraw Hill,
Date of publication, distribution, etc. ©2004.
300 ## - PHYSICAL DESCRIPTION
Extent in various paging
500 ## - GENERAL NOTE
General note Includes bibliographical,references and index.
650 ## - SUBJECT ADDED ENTRY--TOPICAL TERM
Topical term or geographic name as entry element Human Biology
9 (RLIN) 38813
942 ## - ADDED ENTRY ELEMENTS (KOHA)
Source of classification or shelving scheme Dewey Decimal Classification
Koha item type Circulation
Holdings
Withdrawn status Lost status Source of classification or shelving scheme Damaged status Not for loan Collection code Home library Current library Date acquired Total Checkouts Full call number Barcode Date last seen Copy number Price effective from Koha item type
    Dewey Decimal Classification     Circulation UM Digos College - LIC UM Digos College - LIC 06/04/2019   DC 612 M26h 2004 19322 05/15/2025 1 06/04/2019 Circulation